| 000 | 01201nam a2200313 a 4500 | ||
|---|---|---|---|
| 001 | 000113032 | ||
| 003 | CHAP | ||
| 005 | 20220329144334.0 | ||
| 008 | 170324s2016 mx sm |||||||spa d | ||
| 010 | _a109493 | ||
| 011 | _a110465 | ||
| 040 | _cCHAP | ||
| 090 | _aTesis | ||
| 100 | 1 |
_aMartínez Franco, Miriam _9131799 |
|
| 245 | 1 | 0 |
_aRentabilidad y eficiencia de la producción del cultivo de cebada maltera (Hordeum vulgare) en Hidalgo, México 2015 _h[En línea] _cpor Miriam Martínez Franco. |
| 260 |
_aChapingo, Méx. : _bEl autor, _c2016. |
||
| 500 | _aPara ver el contenido del material haga clic en la liga | ||
| 502 | _aTesis (Ing. en Economía Agrícola) -- UACH. División de Ciencias Económico Administrativas | ||
| 590 |
_aE5765TAJ _b05 _c20170324 _lUCH01 _h0856 |
||
| 590 |
_aE5765TAJ _b05 _c20170324 _lUCH01 _h0856 |
||
| 650 | 1 | 4 |
_aCebada maltera _xCostos de producción. _920724 |
| 650 | 1 | 4 |
_aCebada maltera _xIndustria _xAdministración. _9131452 |
| 650 | 1 | 4 |
_aCebada maltera _xMercadeo. _920728 |
| 650 | 1 | 4 |
_aCebada maltera _xRendimiento. _920729 |
| 856 |
_aFinding aid _uhttp://10.13.5.2/tesis/sist113032.pdf _zTeclea aquí |
||
| 901 | _aBK | ||
| 942 | _cTESIS | ||
| 942 | _n0 | ||
| 999 |
_c109493 _d109493 |
||